Toutes les communes du canton de Saint-Jean-de-Monts (85) - Statistiques

Statistiques générales
  • Ce quiz a été pris 33 fois
  • Le résultat moyen est 8 sur 14
Réponses sur la Carte
Les réponses sont colorées sur une échelle allant du rouge au vert en fonction du pourcentage des utilisateurs qui les ont devinées à leur premier essai. Vous pouvez retrouver ces pourcentages ci-dessous.
 
Statistiques - réponses
Commune % Correct
Notre-Dame-de-Monts
94%
Notre-Dame-de-Riez
94%
Saint-Jean-de-Monts
94%
Noirmoutier-en-l'Île
83%
La Barre-de-Monts
78%
Le Perrier
56%
Barbâtre
50%
Beauvoir-sur-Mer
50%
Bouin
44%
Saint-Urbain
44%
La Guérinière
39%
L'Épine
39%
Saint-Gervais
33%
Soullans
33%
Aucun quiz correspondant
Distribution des résultats
% des personnes avec chaque résultat
Percentile par nombre de réponses
Votre historique - résultats
Vous n’avez pas pris ce quiz